Statistiques concernant Communes Limitrophes de Mulhouse

Cliquez ici pour prendre le quiz!

Statistiques générales

  • Ce quiz a été pris 94 fois
  • Le résultat moyen est 5 sur 7

Statistiques - réponses

Communes% Correct
Nord-EstIllzach
81%
NordKingersheim
74%
SudBrunstatt-Didenheim
66%
Nord-OuestPfastatt
66%
Sud-EstRiedisheim
65%
Nord-OuestLutterbach
59%
OuestMorschwiller-le-Bas
47%

Distribution des résultats

Percentile par nombre de réponses

% des personnes avec chaque résultat

Votre développement - résultats

Vous n’avez pas pris ce quiz